000 00507nam a2200157Ia 4500
008 220216s9999 xx 000 0 und d
100 _aWootthikanokkhan J
245 0 _aEffects of accelerator type and curing temperature on crosslink distributions and tensile properties of natural-acrylic rubber blends
260 _bRubber Chemistry and Technology
_c2003
300 _a1116-1127
650 _aCuring
650 _aRubber blends
650 _aTensile properties
700 _aClythong N
942 _cJS
999 _c58280
_d58280